| 000 | 01049nam a2200241 a 4500 | ||
|---|---|---|---|
| 005 | 20210219160317.0 | ||
| 008 | 081009s1987 mx r 000 0 spa d | ||
| 020 | _a9684060386 (obra completa) | ||
| 020 | _a9684060823 | ||
| 035 | _aUPN01000163049 | ||
| 049 | _aUNE | ||
| 080 | _aOC 528.9 (72) ATL Vol. 2 | ||
| 245 | 0 | _aAtlas cultural de México: cartográfico II. | |
| 260 |
_aMéxico : _bSEP; _bINAH; _bPlaneta, _c1987. |
||
| 300 | _a15 mapas : col. map. | ||
| 505 | 8 | _aContenido: El Atlas está integrado por 15 mapas de los Estados de México, Guerrero, Hidalgo, Tabasco, Oaxaca, Veracruz, Chiapas, Quintana Roo, Puebla, Tlaxcala, Campeche, Jalisco, Guanajuato, Yucatán, Aguascalientes. | |
| 690 | _aCartografia- Mexico | ||
| 690 | _aMapas- Mexico | ||
| 710 | 1 | _aMéxico. Secretaría de Educación Pública | |
| 710 | 2 | _aInstituto Nacional de Antropología e Historia (México) | |
| 710 | 1 | _aMéxico. Secretaría de Comunicaciones y Transportes. Dirección General de Planeación. Subdirección de Cartografía. | |
| 905 | _aUNESCO | ||
| 999 |
_c135162 _d135162 |
||